Методы расчета вольт-амперных характеристик термоэмиссионных электрогенерирующих сборок; Известия Томского политехнического университета [Известия ТПУ]; Т. 309, № 2
| Parent link: | Известия Томского политехнического университета [Известия ТПУ]/ Томский политехнический университет (ТПУ).— , 2000- Т. 309, № 2.— 2006.— [С. 135-139] |
|---|---|
| Autore principale: | |
| Altri autori: | |
| Riassunto: | Заглавие с титульного листа Электронная версия печатной публикации Анализируются методы расчета температурных и потенциальных полей, а также вольт-амперных характеристик многоэлементных термоэмиссионных электрогенерирующих сборок в вакуумном, диффузионном и разрядном режимах работы. Приведено описание алгоритма решения самосогласованной двумерной задачи тепло_ и электропроводности со сложными граничными условиями, позволяющее получить зависимости генерируемой мощности от удельного тепловыделения, давления пара цезия, сопротивления нагрузки, входной температуры и расхода теплоносителя. |
| Lingua: | russo |
| Pubblicazione: |
2006
|
| Serie: | Технические науки |
| Soggetti: | |
| Accesso online: | http://www.lib.tpu.ru/fulltext/v/Bulletin_TPU/2006/v309/i2/28.pdf |
| Natura: | MixedMaterials Elettronico Capitolo di libro |
| KOHA link: | https://koha.lib.tpu.ru/cgi-bin/koha/opac-detail.pl?biblionumber=171188 |
MARC
| LEADER | 00000nla2a2200000 4500 | ||
|---|---|---|---|
| 001 | 171188 | ||
| 005 | 20231031163932.0 | ||
| 035 | |a (RuTPU)RU\TPU\book\185645 | ||
| 035 | |a RU\TPU\book\185642 | ||
| 090 | |a 171188 | ||
| 100 | |a 20091202d2006 k y0rusy50 ca | ||
| 101 | 0 | |a rus | |
| 102 | |a RU | ||
| 135 | |a drnn ---uucaa | ||
| 181 | 0 | |a i | |
| 182 | 0 | |a b | |
| 200 | 1 | |a Методы расчета вольт-амперных характеристик термоэмиссионных электрогенерирующих сборок |b Электронный ресурс |f Ю. В. Бабушкин, В. П. Зимин | |
| 203 | |a Текст |c электронный | ||
| 215 | |a 1 файл (423 Кб) | ||
| 225 | 1 | |a Технические науки | |
| 230 | |a Электронные текстовые данные (1 файл : 423 Кб) | ||
| 300 | |a Заглавие с титульного листа | ||
| 300 | |a Электронная версия печатной публикации | ||
| 320 | |a [Библиогр.: с. 139 (10 назв.)] | ||
| 330 | |a Анализируются методы расчета температурных и потенциальных полей, а также вольт-амперных характеристик многоэлементных термоэмиссионных электрогенерирующих сборок в вакуумном, диффузионном и разрядном режимах работы. Приведено описание алгоритма решения самосогласованной двумерной задачи тепло_ и электропроводности со сложными граничными условиями, позволяющее получить зависимости генерируемой мощности от удельного тепловыделения, давления пара цезия, сопротивления нагрузки, входной температуры и расхода теплоносителя. | ||
| 337 | |a Adobe Reader | ||
| 461 | 1 | |0 (RuTPU)RU\TPU\book\176237 |t Известия Томского политехнического университета [Известия ТПУ] |f Томский политехнический университет (ТПУ) |d 2000- | |
| 463 | 1 | |0 (RuTPU)RU\TPU\book\185599 |t Т. 309, № 2 |v [С. 135-139] |d 2006 |p 288 с. | |
| 610 | 1 | |a расчеты | |
| 610 | 1 | |a вольт-амперные характеристики | |
| 610 | 1 | |a термоэмиссионные сборки | |
| 610 | 1 | |a электрогенерирующие сборки | |
| 610 | 1 | |a температурные поля | |
| 610 | 1 | |a потенциальные поля | |
| 610 | 1 | |a многоэлементные сборки | |
| 610 | 1 | |a режимы работы | |
| 610 | 1 | |a алгоритмы | |
| 610 | 1 | |a двумерные задачи | |
| 610 | 1 | |a теплопроводность | |
| 610 | 1 | |a электропроводность | |
| 610 | 1 | |a граничные условия | |
| 610 | 1 | |a сложные условия | |
| 610 | 1 | |a мощности | |
| 610 | 1 | |a удельное тепловыделение | |
| 610 | 1 | |a давление | |
| 610 | 1 | |a пары | |
| 610 | 1 | |a цезий | |
| 610 | 1 | |a нагрузки | |
| 610 | 1 | |a входная температура | |
| 610 | 1 | |a расход | |
| 610 | 1 | |a теплоносители | |
| 610 | 1 | |a труды учёных ТПУ | |
| 610 | 1 | |a электронный ресурс | |
| 700 | 1 | |a Бабушкин |b Ю. В. |c российский ученый, специалист в области прикладной математики |c доцент Томского политехнического университета, кандидат технических наук |f 1952- |g Юрий Владимирович |2 stltpush |3 (RuTPU)RU\TPU\pers\25811 | |
| 701 | 1 | |a Зимин |b В. П. |c российский специалист в области информационных технологий |c доцент Томского политехнического университета, кандидат технических наук |f 1955- |g Вячеслав Прокопьевич |2 stltpush |3 (RuTPU)RU\TPU\pers\25393 | |
| 801 | 1 | |a RU |b 63413507 |c 20090623 |g PSBO | |
| 801 | 2 | |a RU |b 63413507 |c 20211015 |g PSBO | |
| 856 | 4 | |u http://www.lib.tpu.ru/fulltext/v/Bulletin_TPU/2006/v309/i2/28.pdf | |
| 942 | |c CF | ||